[Event "Umraniye White Elephant 32nd"]
[Site "Umraniye"]
[Date "2023.10.25"]
[Round "1"]
[White "Subasi, Cagrican"]
[Black "Ozsakallioglu, Okan"]
[Result "0-1"]
[WhiteElo "1859"]
[BlackElo "2228"]
[PlyCount "60"]
[EventDate "2023.10.25"]
[EventType "swiss"]
[EventRounds "7"]
[EventCountry "TUR"]
[SourceTitle "Mega2024 Update 01"]
[Source "Chessbase"]
[SourceDate "2023.11.12"]
[SourceVersion "1"]
[SourceVersionDate "2023.11.12"]
[SourceQuality "1"]

1. d4 d6 2. c4 e5 3. Nf3 e4 4. Nfd2 f5 5. g3 Nf6 6. Bg2 c6 7. 0-0 Be7 8. Nc3 0-0 9. Rb1 d5 10. e3 Na6 11. a3 Be6 12. Qe2 Nc7 13. b4 g5 14. f3 exf3 15. Bxf3 Ne4 16. Ncxe4 fxe4 17. Bg4 Rxf1+ 18. Nxf1 Qd7 19. Bxe6+ Qxe6 20. Nd2 g4 21. Bb2 Bg5 22. Bc3 Rf8 23. c5 Rf3 24. Re1 Bxe3+ 25. Qxe3 Rxe3 26. Rxe3 Qf5 27. Nb3 Ne6 28. a4 Ng5 29. Nd2 Nh3+ 30. Kh1 Qf2 0-1

[Event "TUR-chT 2nd League"]
[Site "Denizli"]
[Date "2023.07.11"]
[Round "4.122"]
[White "Yalcin, Ozgun"]
[Black "Subasi, Cagrican"]
[Result "0-1"]
[WhiteElo "1910"]
[BlackElo "1839"]
[PlyCount "90"]
[EventDate "2023.07.09"]
[EventType "team-swiss"]
[EventRounds "9"]
[EventCountry "TUR"]
[SourceTitle "CBM 215 Extra"]
[Source "ChessBase"]
[SourceDate "2023.09.30"]
[SourceVersion "1"]
[SourceVersionDate "2023.09.30"]
[SourceQuality "1"]
[WhiteTeam "Afyonkarahisar Basari"]
[BlackTeam "Duzce AS"]
[WhiteTeamCountry "TUR"]
[BlackTeamCountry "TUR"]

1. e4 c5 2. Nf3 d6 3. c3 Nf6 4. Be2 Nc6 5. d4 e6 6. d5 exd5 7. exd5 Ne7 8. Bb5+ Bd7 9. Bxd7+ Qxd7 10. c4 g6 11. 0-0 Bg7 12. Nc3 0-0 13. h3 h6 14. Bf4 g5 15. Bh2 Nh7 16. Ne4 Nc8 17. Qc2 f5 18. Ng3 Qf7 19. Rfe1 a6 20. Rab1 b5 21. b3 Rb8 22. Qe2 Nb6 23. cxb5 axb5 24. Qxb5 Nxd5 25. Qc4 Nc3 26. Qxf7+ Rxf7 27. Rb2 Rd8 28. Rd2 d5 29. Nh5 Ne4 30. Rdd1 Bc3 31. Re2 Nhf6 32. Nxf6+ Bxf6 33. Rc2 f4 34. Nd2 Nc3 35. Re1 d4 36. Ne4 Nxe4 37. Rxe4 d3 38. Rd2 Bc3 39. Rd1 Ra7 40. a4 Rb7 41. g3 f3 42. Re3 Rxb3 43. Rxf3 c4 44. g4 Ra3 45. Bc7 Ra1 0-1

[Event "TUR-chT 2nd League"]
[Site "Denizli"]
[Date "2023.07.09"]
[Round "1.12"]
[White "Subasi, Cagrican"]
[Black "Rzayev, Bahruz Iqbal Oglu"]
[Result "0-1"]
[WhiteElo "1839"]
[BlackElo "2331"]
[PlyCount "98"]
[EventDate "2023.07.09"]
[EventType "team-swiss"]
[EventRounds "9"]
[EventCountry "TUR"]
[SourceTitle "CBM 215 Extra"]
[Source "ChessBase"]
[SourceDate "2023.09.30"]
[SourceVersion "1"]
[SourceVersionDate "2023.09.30"]
[SourceQuality "1"]
[WhiteTeam "Duzce AS"]
[BlackTeam "Yildiz"]
[WhiteTeamCountry "TUR"]
[BlackTeamCountry "TUR"]

1. d4 Nf6 2. Nf3 e6 3. c4 b6 4. g3 Bb7 5. Bg2 c5 6. 0-0 cxd4 7. Qxd4 Nc6 8. Qd1 Be7 9. Nc3 Rc8 10. b3 0-0 11. Bb2 Qc7 12. e4 d6 13. Qe2 Rfd8 14. Rfd1 Qb8 15. h3 Qa8 16. Rd2 Ne5 17. Nd4 Ned7 18. Re1 Nc5 19. Kh2 Bf8 20. f3 Rd7 21. Bf1 Rcd8 22. b4 Na6 23. a3 Nc7 24. Qf2 g6 25. Rdd1 Bg7 26. Bg2 Rc8 27. Bf1 h5 28. Bd3 Re8 29. Qe3 h4 30. g4 e5 31. Nde2 Ne6 32. Qf2 g5 33. Nd5 b5 34. Nxf6+ Bxf6 35. cxb5 d5 36. exd5 Bxd5 37. Be4 Red8 38. Rxd5 Rxd5 39. Rd1 Rxd1 40. Bxa8 Rxa8 41. Nc3 Rd3 42. Ne4 Bg7 43. Nc5 Nxc5 44. bxc5 Rad8 45. Bc1 e4 46. Bxg5 Be5+ 47. Kh1 Bg3 48. Qxg3 hxg3 49. Bxd8 exf3 0-1

[Event "Ankara Baskent Univ op-A 3rd"]
[Site "Ankara"]
[Date "2018.09.01"]
[Round "9"]
[White "Subasi, Cagrican"]
[Black "Gulbeyaz, Emir"]
[Result "1/2-1/2"]
[WhiteElo "1818"]
[BlackElo "2208"]
[PlyCount "135"]
[EventDate "2018.08.27"]
[EventType "swiss"]
[EventRounds "9"]
[EventCountry "TUR"]
[SourceTitle "CBM 187 Extra"]
[Source "ChessBase"]
[SourceDate "2018.11.04"]
[SourceVersion "1"]
[SourceVersionDate "2018.11.04"]
[SourceQuality "1"]

1. d4 Nf6 2. Nf3 g6 3. g3 Bg7 4. b3 0-0 5. Bb2 a5 6. Nc3 d5 7. Bg2 c5 8. e3 Nc6 9. 0-0 Bg4 10. h3 Bxf3 11. Bxf3 cxd4 12. exd4 e6 13. a4 Ne8 14. Nb5 Nc7 15. Kg2 Nxb5 16. axb5 Ne7 17. c4 Qd7 18. Qd2 b6 19. Rfd1 Rac8 20. Ra4 Rfd8 21. g4 h6 22. cxd5 exd5 23. Ba3 g5 24. Bxe7 Qxe7 25. Raa1 Qb4 26. Qxb4 axb4 27. Rac1 Rc3 28. Ra1 Rxb3 29. Rab1 Rxb1 30. Rxb1 Bxd4 31. Rd1 Bc5 32. Bxd5 Kf8 33. Bb3 Rxd1 34. Bxd1 Ke7 35. Bb3 f6 36. Kg3 f5 37. gxf5 Kf6 38. Be6 Ke5 39. Kf3 Kd4 40. Ke2 Kc3 41. f6 Kc2 42. Bf5+ Kc1 43. Be6 Kc2 44. Bf5+ Kc3 45. f7 b3 46. Kd1 Kb2 47. Be6 h5 48. f3 Bf8 49. Kd2 Ka3 50. Kc1 Kb4 51. Bd7 Bg7 52. Be8 Bf8 53. Bd7 Kc3 54. Bf5 Kc4 55. Bg6 h4 56. Bf5 Kxb5 57. Kb1 Kb4 58. Bc8 Kc3 59. Bg4 Bg7 60. Bc8 Kd2 61. Bg4 Ke3 62. Bc8 Kxf3 63. Bg4+ Kf4 64. Bc8 Ke4 65. f8Q Bxf8 66. Bg4 Kf4 67. Bc8 g4 68. Bxg4 1/2-1/2

[Event "TUR Cup										"]
[Site "Antalya"]
[Date "2018.01.28"]
[Round "3"]
[White "Apaydin, Fethi"]
[Black "Subasi, Cagrican"]
[Result "1-0"]
[WhiteElo "2269"]
[BlackElo "1910"]
[PlyCount "281"]
[EventDate "2018.01.27"]
[EventType "swiss"]
[EventRounds "11"]
[EventCountry "TUR"]
[SourceTitle "CBM 182 Extra"]
[Source "ChessBase"]
[SourceDate "2018.02.23"]
[SourceVersion "1"]
[SourceVersionDate "2018.02.23"]
[SourceQuality "1"]

1. d4 Nf6 2. Bg5 e6 3. Nc3 Be7 4. e3 d5 5. Bd3 0-0 6. Nf3 Nc6 7. a3 b6 8. 0-0 Bb7 9. Qe2 Ne4 10. Bxe7 Nxc3 11. Bxh7+ Kh8 12. bxc3 Qxe7 13. Bd3 g6 14. c4 dxc4 15. Bxc4 Rad8 16. Bb5 Kg7 17. c3 Rh8 18. e4 Na5 19. Rfe1 c5 20. Qe3 cxd4 21. cxd4 Rh5 22. Bf1 Nc6 23. Rac1 Ra5 24. Rc3 Nb8 25. Rec1 Nd7 26. Nd2 Nf6 27. f3 Ba6 28. Bxa6 Rxa6 29. Nc4 Rc8 30. Ne5 Rxc3 31. Rxc3 Ne8 32. Ng4 Qd8 33. d5 exd5 34. exd5 b5 35. Rd3 Qb6 36. Qxb6 Rxb6 37. Ne5 Rd6 38. Nc6 a6 39. Nb4 Nf6 40. Kf2 a5 41. Nc6 Rxd5 42. Rxd5 Nxd5 43. Nxa5 Nc3 44. Ke3 Nb1 45. Kd4 Nxa3 46. Kc3 b4+ 47. Kb3 Nb1 48. Nc4 Nc3 49. Kxb4 Nd5+ 50. Kc5 Nf4 51. Ne3 Ne6+ 52. Kd5 Nf4+ 53. Ke4 Ne6 54. h4 Nc5+ 55. Ke5 Nd3+ 56. Kd4 Nf4 57. Ke4 Ne6 58. Nd5 Nc5+ 59. Kd4 Ne6+ 60. Ke5 Nc5 61. g4 Nd3+ 62. Ke4 Nc5+ 63. Kd4 Nb3+ 64. Ke3 f6 65. Nc7 Nc5 66. Kd4 Nb3+ 67. Kd5 Nd2 68. Ne6+ Kg8 69. Nd4 Kf7 70. f4 Nf1 71. Ke4 Nd2+ 72. Ke3 Nc4+ 73. Kd3 Nd6 74. Ke3 Nc4+ 75. Kf3 Nd2+ 76. Kg3 Ne4+ 77. Kg2 Nc5 78. Kh3 Nd3 79. Kg3 Nc5 80. h5 Kg7 81. Kh4 Kh7 82. Kg3 gxh5 83. gxh5 Ne4+ 84. Kg4 Nf2+ 85. Kf3 Nd3 86. Nf5 Ne1+ 87. Kg4 Nd3 88. Ng3 Kg7 89. Kf5 Kh6 90. Ke4 Nc5+ 91. Kd5 Nd3 92. Ke4 Nc5+ 93. Kf3 Nd3 94. Kg4 Nf2+ 95. Kh4 Nd3 96. Nf5+ Kh7 97. Kg4 Nf2+ 98. Kf3 Nd3 99. Kg3 Nc5 100. Kg4 Nd3 101. Ng3 Kg7 102. Kf5 Kh6 103. Kg4 Nf2+ 104. Kh4 Nd3 105. Nf5+ Kh7 106. Kg3 Nc5 107. Nd6 Kh6 108. Kg4 Nd3 109. Nf5+ Kh7 110. Kf3 Nc5 111. Ng3 Kh6 112. Ne4 Nd7 113. Kg4 Nf8 114. Nxf6 Ne6 115. Ng8+ Kg7 116. Ne7 Kh6 117. Nf5+ Kh7 118. Ng3 Nd4 119. Kg5 Ne6+ 120. Kf5 Nd8 121. Kf6 Kh6 122. Kf5 Nc6 123. Kg4 Nd8 124. Nf5+ Kh7 125. Ne3 Kh6 126. Kh4 Ne6 127. Ng4+ Kh7 128. f5 Nd8 129. Kg5 Nf7+ 130. Kf6 Nd6 131. Ke6 Nb7 132. f6 Nd8+ 133. Kd7 Nf7 134. Ke6 Ng5+ 135. Ke7 Kh8 136. f7 Nxf7 137. Kxf7 Kh7 138. Kf6 Kh8 139. Kg6 Kg8 140. h6 Kh8 141. Ne5 1-0

[Event "TUR-chT2"]
[Site "Konya"]
[Date "2017.07.15"]
[Round "9.12"]
[White "Subasi, Cagrican"]
[Black "Gonen, Mutlu"]
[Result "1-0"]
[WhiteElo "1813"]
[BlackElo "1656"]
[PlyCount "103"]
[EventDate "2017.07.09"]
[EventType "team-swiss"]
[EventRounds "9"]
[EventCountry "TUR"]
[SourceTitle "CBM 179 Extra"]
[Source "ChessBase"]
[SourceDate "2017.08.23"]
[SourceVersion "1"]
[SourceVersionDate "2017.08.23"]
[SourceQuality "1"]
[WhiteTeam "Duzcespor"]
[BlackTeam "Burhaniye"]
[WhiteTeamCountry "TUR"]
[BlackTeamCountry "TUR"]

1. d4 d5 2. c4 c6 3. Nf3 Nf6 4. e3 Bf5 5. Nc3 e6 6. Nh4 Be4 7. f3 Bg6 8. Qb3 Qc7 9. Bd2 Be7 10. g3 Nbd7 11. Rc1 dxc4 12. Bxc4 Bd6 13. Bxe6 0-0 14. Nxg6 hxg6 15. Nb5 Qb8 16. Bxd7 Nxd7 17. Nxd6 Qxd6 18. Bb4 c5 19. Bxc5 Nxc5 20. Rxc5 b6 21. Rc3 g5 22. 0-0 Rfe8 23. Rfc1 Qf6 24. Kg2 g6 25. Rc6 Re6 26. Rxe6 fxe6 27. Rc6 Re8 28. h3 Qf5 29. e4 Qa5 30. Rc3 Kf7 31. a3 Qa6 32. Qc4 b5 33. Qb4 Qb6 34. Qc5 Qa6 35. Qxg5 Rc8 36. Rxc8 Qxc8 37. Qc5 Qa6 38. d5 Qa5 39. dxe6+ Kxe6 40. Qd5+ Ke7 41. h4 Qa4 42. Qe5+ Kf7 43. Kh3 Qc2 44. Qxb5 Qc8+ 45. g4 Qc1 46. Qb7+ Kf8 47. Qb8+ Kf7 48. Qxa7+ Ke6 49. Qf2 Ke5 50. Qg2 Kf4 51. a4 Qc4 52. Qd2+ 1-0

[Event "TUR-chT2"]
[Site "Konya"]
[Date "2017.07.12"]
[Round "5.16"]
[White "Subasi, Cagrican"]
[Black "Basgul, Dincer"]
[Result "1-0"]
[WhiteElo "1813"]
[BlackElo "1451"]
[PlyCount "89"]
[EventDate "2017.07.09"]
[EventType "team-swiss"]
[EventRounds "9"]
[EventCountry "TUR"]
[SourceTitle "CBM 179 Extra"]
[Source "ChessBase"]
[SourceDate "2017.08.23"]
[SourceVersion "1"]
[SourceVersionDate "2017.08.23"]
[SourceQuality "1"]
[WhiteTeam "Duzcespor"]
[BlackTeam "Burdur Belediyesi"]
[WhiteTeamCountry "TUR"]
[BlackTeamCountry "TUR"]

1. d4 Nf6 2. c4 e6 3. Nf3 Bb4+ 4. Bd2 Qe7 5. a3 Bxd2+ 6. Nbxd2 Nc6 7. g3 d6 8. Bg2 e5 9. d5 Nb8 10. e4 Bg4 11. h3 Bh5 12. 0-0 Nbd7 13. b4 0-0 14. Qc2 b6 15. Nh4 Bg6 16. Nf5 Bxf5 17. exf5 Nh5 18. Rae1 Qg5 19. Ne4 Qh6 20. Qa4 Nhf6 21. Nxf6+ Nxf6 22. Qc6 Rfc8 23. c5 Ne8 24. f4 f6 25. Rf2 Qh5 26. g4 Qf7 27. fxe5 fxe5 28. g5 Rab8 29. Ref1 a5 30. Bf3 axb4 31. axb4 bxc5 32. bxc5 Rd8 33. Bg4 Rb4 34. f6 Rxg4+ 35. hxg4 g6 36. Ra2 Kf8 37. Rfa1 Qd7 38. Qxd7 Rxd7 39. c6 Rd8 40. Ra8 Rxa8 41. Rxa8 Kf7 42. Kg2 Kf8 43. Rd8 Kf7 44. Rd7+ Kf8 45. Rxh7 1-0

[Event "TUR-chT2"]
[Site "Konya"]
[Date "2017.07.10"]
[Round "2.11"]
[White "Kirilmaz, Emre"]
[Black "Subasi, Cagrican"]
[Result "0-1"]
[WhiteElo "1730"]
[BlackElo "1813"]
[PlyCount "102"]
[EventDate "2017.07.09"]
[EventType "team-swiss"]
[EventRounds "9"]
[EventCountry "TUR"]
[SourceTitle "CBM 179 Extra"]
[Source "ChessBase"]
[SourceDate "2017.08.23"]
[SourceVersion "1"]
[SourceVersionDate "2017.08.23"]
[SourceQuality "1"]
[WhiteTeam "Onay"]
[BlackTeam "Duzcespor"]
[WhiteTeamCountry "TUR"]
[BlackTeamCountry "TUR"]

1. e4 e6 2. d4 d5 3. exd5 exd5 4. Nf3 Nf6 5. Bd3 Bd6 6. 0-0 0-0 7. h3 h6 8. Re1 Nbd7 9. c3 c6 10. Ne5 Qc7 11. Bf4 Rd8 12. Nd2 Nf8 13. Bh2 Ne8 14. Ndf3 f6 15. Ng6 Bxh2+ 16. Nxh2 Nxg6 17. Bxg6 Nd6 18. Qh5 Kf8 19. Ng4 Bxg4 20. hxg4 Nf7 21. Qf5 Re8 22. Bh5 Re7 23. Bxf7 Kxf7 24. Qh5+ Kf8 25. f3 Rae8 26. Qh4 Re2 27. b4 Qe7 28. Kf1 Qe3 29. Qg3 Qxc3 30. Rxe2 Qxa1+ 31. Qe1 Qxe1+ 32. Kxe1 Re7 33. Kf2 Rxe2+ 34. Kxe2 Ke7 35. f4 g6 36. f5 gxf5 37. gxf5 b6 38. a4 Kd6 39. Kd3 a6 40. b5 axb5 41. axb5 c5 42. g4 c4+ 43. Kc3 Ke7 44. Kd2 Kf7 45. Ke3 Kg7 46. Kf4 h5 47. g5 h4 48. g6 h3 49. Kg3 c3 50. Kxh3 c2 51. Kg4 c1Q 0-1

[Event "TUR-chT2"]
[Site "Konya"]
[Date "2017.07.10"]
[Round "3.18"]
[White "Subasi, Cagrican"]
[Black "Kocaispir, Ali Ihsan"]
[Result "1-0"]
[WhiteElo "1813"]
[BlackElo "1375"]
[PlyCount "63"]
[EventDate "2017.07.09"]
[EventType "team-swiss"]
[EventRounds "9"]
[EventCountry "TUR"]
[SourceTitle "CBM 179 Extra"]
[Source "ChessBase"]
[SourceDate "2017.08.23"]
[SourceVersion "1"]
[SourceVersionDate "2017.08.23"]
[SourceQuality "1"]
[WhiteTeam "Duzcespor"]
[BlackTeam "Ozel Biltepe Osmaniye"]
[WhiteTeamCountry "TUR"]
[BlackTeamCountry "TUR"]

1. d4 e6 2. c4 d5 3. Nf3 Nf6 4. g3 Nc6 5. Bg2 Be7 6. 0-0 0-0 7. Qa4 Bd7 8. Qd1 dxc4 9. Nc3 a6 10. Ne5 Nxe5 11. dxe5 Nd5 12. Nxd5 exd5 13. Qxd5 c6 14. Qxc4 Be6 15. Qc3 Qc7 16. f4 Rad8 17. f5 Bd5 18. a4 Be6 19. fxe6 fxe6 20. Be3 h6 21. Bh3 Qc8 22. Qb3 Qc7 23. Bb6 Qxe5 24. Qxe6+ Qxe6 25. Bxe6+ Kh8 26. Bxd8 Rxd8 27. Rad1 Bc5+ 28. Kg2 Re8 29. Bf7 Re4 30. Bg6 Rxe2+ 31. Kh3 Be7 32. Rd8+ 1-0

[Event "TUR Cup"]
[Site "Antalya"]
[Date "2017.02.04"]
[Round "11"]
[White "Sertbay, Huseyin"]
[Black "Subasi, Cagrican"]
[Result "1/2-1/2"]
[WhiteElo "2080"]
[BlackElo "1764"]
[PlyCount "100"]
[EventDate "2017.01.28"]
[EventType "swiss"]
[EventRounds "11"]
[EventCountry "TUR"]
[SourceTitle "CBM 176 Extra"]
[Source "ChessBase"]
[SourceDate "2017.03.02"]
[SourceVersion "1"]
[SourceVersionDate "2017.03.02"]
[SourceQuality "1"]

1. d4 Nf6 2. c4 g6 3. Nc3 Bg7 4. e4 d6 5. f3 0-0 6. Be3 c5 7. Nge2 Nc6 8. d5 Ne5 9. Ng3 e6 10. Be2 exd5 11. cxd5 a6 12. a4 Bd7 13. 0-0 b5 14. axb5 axb5 15. h3 Nc4 16. Bxc4 bxc4 17. e5 Qe7 18. Re1 Rxa1 19. Qxa1 dxe5 20. Qa7 Qd8 21. Bxc5 Qb8 22. Qa3 Re8 23. Nge4 Nxe4 24. Nxe4 Rc8 25. Rc1 f5 26. Nc3 Qc7 27. Bd6 Qb6+ 28. Kf1 Qe3 29. Ne2 Qd3 30. Qa7 Bb5 31. Qb7 Rd8 32. Qxb5 Rxd6 33. Qb8+ Bf8 34. Qc8 Qxd5 35. Qxc4 Qxc4 36. Rxc4 Rd1+ 37. Kf2 Rd2 38. b3 Rb2 39. Rc3 Bb4 40. Rd3 Bc5+ 41. Ke1 Kf7 42. Rd5 Bb4+ 43. Kd1 Ke6 44. Rd3 h5 45. g4 h4 46. f4 e4 47. gxf5+ gxf5 48. Rd8 Ke7 49. Rd5 Rxb3 50. Rxf5 Rxh3 1/2-1/2

[Event "TUR Cup"]
[Site "Antalya"]
[Date "2017.02.03"]
[Round "10"]
[White "Subasi, Cagrican"]
[Black "Topcuoglu, Ata"]
[Result "1-0"]
[WhiteElo "1764"]
[BlackElo "1693"]
[PlyCount "92"]
[EventDate "2017.01.28"]
[EventType "swiss"]
[EventRounds "11"]
[EventCountry "TUR"]
[SourceTitle "CBM 176 Extra"]
[Source "ChessBase"]
[SourceDate "2017.03.02"]
[SourceVersion "1"]
[SourceVersionDate "2017.03.02"]
[SourceQuality "1"]

1. d4 Nf6 2. c4 e6 3. Nc3 Bb4 4. e3 Bxc3+ 5. bxc3 0-0 6. Bd3 b6 7. e4 Bb7 8. Bg5 d6 9. Ne2 h6 10. Bxf6 Qxf6 11. 0-0 Nd7 12. a4 a5 13. f4 Qe7 14. Ng3 Rad8 15. Qe2 Rde8 16. Rab1 Bc6 17. Bc2 Qh4 18. Rf2 f5 19. e5 dxe5 20. fxe5 g5 21. Qh5 Qxh5 22. Nxh5 Kh8 23. Rd2 Ba8 24. Ng3 Kg7 25. Rf1 Kg6 26. Bd1 g4 27. Ne2 h5 28. Nf4+ Kg5 29. g3 Rg8 30. h4+ gxh3 31. Bxh5 Re7 32. Bf3 Bxf3 33. Rxf3 Rh8 34. Kh2 Nf8 35. Rb2 Kg4 36. Rff2 Nh7 37. Ng6 Ree8 38. Rf4+ Kg5 39. Nxh8 Rxh8 40. Rh4 Kg6 41. Rxh3 Re8 42. Kg2 Ng5 43. Rh2 Ne4 44. Rc2 Kg5 45. Rh7 c5 46. Rg7+ Kh6 1-0

[Event "Manavgat Turkey Cup"]
[Site "Manavgat"]
[Date "2016.02.04"]
[Round "8"]
[White "Subasi, Cagrican"]
[Black "Ozgen, Tolga"]
[Result "1-0"]
[WhiteElo "1766"]
[BlackElo "1614"]
[PlyCount "69"]
[EventDate "2016.01.30"]
[EventType "swiss"]
[EventRounds "11"]
[EventCountry "TUR"]
[SourceTitle "CBM 170 Extra"]
[Source "ChessBase"]
[SourceDate "2016.02.25"]
[SourceVersion "1"]
[SourceVersionDate "2016.02.25"]
[SourceQuality "1"]

1. b3 d5 2. Bb2 Nf6 3. Nf3 Nbd7 4. d4 e6 5. e3 Be7 6. Bd3 0-0 7. 0-0 b6 8. Nbd2 Bb7 9. Ne5 Ne4 10. f4 f6 11. Nxd7 Qxd7 12. Nxe4 dxe4 13. Bc4 b5 14. Be2 f5 15. c4 a6 16. Qc2 b4 17. a3 a5 18. axb4 axb4 19. c5 Bd5 20. Bc4 Qc6 21. Qd2 Bxc4 22. bxc4 Ra4 23. d5 exd5 24. cxd5 Qb5 25. Rxa4 Qxa4 26. d6 cxd6 27. cxd6 Qd7 28. Rd1 Bf6 29. Qxb4 Bxb2 30. Qxb2 Rc8 31. Qd4 Kf8 32. Ra1 Rc6 33. Ra7 Qxd6 34. Qxg7+ Ke8 35. Ra8+ 1-0

[Event "Manavgat Turkey Cup"]
[Site "Manavgat"]
[Date "2016.02.02"]
[Round "5"]
[White "Tutu, Huseyin"]
[Black "Subasi, Cagrican"]
[Result "0-1"]
[WhiteElo "1645"]
[BlackElo "1766"]
[PlyCount "52"]
[EventDate "2016.01.30"]
[EventType "swiss"]
[EventRounds "11"]
[EventCountry "TUR"]
[SourceTitle "CBM 170 Extra"]
[Source "ChessBase"]
[SourceDate "2016.02.25"]
[SourceVersion "1"]
[SourceVersionDate "2016.02.25"]
[SourceQuality "1"]

1. e4 e6 2. f3 d5 3. exd5 exd5 4. d4 Bd6 5. Qe2+ Ne7 6. Be3 0-0 7. Nd2 Re8 8. g4 Ng6 9. Nh3 Qh4+ 10. Kd1 Qd8 11. Qf2 Qe7 12. Bg5 f6 13. Bh4 c5 14. Bb5 Bd7 15. Bxd7 Qxd7 16. dxc5 Be5 17. c3 d4 18. cxd4 Bxd4 19. Qf1 Nxh4 20. Qc4+ Kh8 21. Kc2 b5 22. Qd3 Re3 23. Qf1 Na6 24. Rd1 Nb4+ 25. Kb1 Qf7 26. Nb3 Qg6+ 0-1

[Event "Troya op 23rd"]
[Site "Canakkale"]
[Date "2015.08.11"]
[Round "5"]
[White "Onem, Cem"]
[Black "Subasi, Cagrican"]
[Result "1/2-1/2"]
[WhiteElo "1927"]
[BlackElo "1646"]
[PlyCount "107"]
[EventDate "2015.08.08"]
[EventType "swiss"]
[EventRounds "9"]
[EventCountry "TUR"]
[SourceTitle "CBM 167 Extra"]
[Source "ChessBase"]
[SourceDate "2015.09.14"]
[SourceVersion "1"]
[SourceVersionDate "2015.09.14"]
[SourceQuality "1"]

1. e4 e6 2. d4 d5 3. e5 c5 4. c3 Nc6 5. Nf3 Bd7 6. a3 Qb6 7. b4 cxd4 8. cxd4 Rc8 9. Bb2 Na5 10. Nbd2 Nc4 11. Bxc4 dxc4 12. Rc1 Qa6 13. 0-0 Ba4 14. Qe2 Bb5 15. Qe3 Ne7 16. Rfe1 Nd5 17. Qg5 h6 18. Qg3 g5 19. Ne4 Be7 20. Nc3 Bc6 21. Nxd5 Bxd5 22. Nd2 Qb5 23. Bc3 Kd7 24. Ra1 Qa4 25. Rec1 h5 26. Nf1 Rcg8 27. Ne3 Qc6 28. a4 f5 29. b5 Qb6 30. Nxd5 exd5 31. Qf3 Ke6 32. Qe2 g4 33. Qb2 h4 34. Rf1 Qd8 35. Bb4 Qf8 36. Bxe7 Qxe7 37. Qa3 Qxa3 38. Rxa3 f4 39. Rc1 Kf5 40. Kf1 Rc8 41. Ke2 Ke4 42. Rd1 Rhg8 43. Rc3 Rcf8 44. g3 hxg3 45. hxg3 f3+ 46. Ke1 Rg6 47. Re3+ Kf5 48. Kd2 Rh8 49. Kc3 Rh2 50. Rf1 Ke6 51. Ree1 Rgh6 52. Kd2 Rh8 53. Ke3 Kf5 54. Kd2 1/2-1/2

[Event "Troya op 23rd"]
[Site "Canakkale"]
[Date "2015.08.09"]
[Round "2"]
[White "Isik, Alparslan"]
[Black "Subasi, Cagrican"]
[Result "1-0"]
[WhiteElo "1965"]
[BlackElo "1646"]
[PlyCount "57"]
[EventDate "2015.08.08"]
[EventType "swiss"]
[EventRounds "9"]
[EventCountry "TUR"]
[SourceTitle "CBM 167 Extra"]
[Source "ChessBase"]
[SourceDate "2015.09.14"]
[SourceVersion "1"]
[SourceVersionDate "2015.09.14"]
[SourceQuality "1"]

1. d4 Nf6 2. c4 g6 3. Nc3 Bg7 4. e4 d6 5. Nf3 0-0 6. Be2 Nbd7 7. 0-0 e5 8. Be3 h6 9. h3 Re8 10. dxe5 Nxe5 11. Qc1 Nxf3+ 12. Bxf3 g5 13. c5 dxc5 14. Bxc5 Re5 15. Rd1 Qe8 16. Bd4 Re6 17. e5 Nd7 18. Nd5 Rc6 19. Nf6+ Nxf6 20. Bxc6 bxc6 21. exf6 Bf8 22. Bc5 Rb8 23. Bxf8 Qxf8 24. Qxc6 Bb7 25. Qxc7 g4 26. Qe7 Qc8 27. Rd7 Bd5 28. Rxd5 gxh3 29. Rad1 1-0

[Event "Manavgat Turkey Cup"]
[Site "Manavgat"]
[Date "2015.02.05"]
[Round "8"]
[White "Yassibag, Ipek Asli"]
[Black "Subasi, Cagrican"]
[Result "1-0"]
[WhiteElo "1583"]
[BlackElo "1680"]
[PlyCount "82"]
[EventDate "2015.01.31"]
[EventType "swiss"]
[EventRounds "11"]
[EventCountry "TUR"]
[SourceTitle "CBM 164 Extra"]
[Source "ChessBase"]
[SourceDate "2015.03.02"]
[SourceVersion "1"]
[SourceVersionDate "2015.03.02"]
[SourceQuality "1"]

1. c4 Nf6 2. Nc3 g6 3. g3 Bg7 4. Bg2 0-0 5. e4 d6 6. Nge2 c5 7. d3 Nc6 8. 0-0 Rb8 9. h3 e6 10. Be3 a6 11. d4 cxd4 12. Nxd4 Qc7 13. Nxc6 bxc6 14. Qd2 a5 15. b3 Ne8 16. Bh6 e5 17. Bxg7 Nxg7 18. Rad1 Ne8 19. Kh2 f6 20. Qe3 Qe7 21. Rfe1 Be6 22. Na4 Nc7 23. Qd2 Rfd8 24. Qxa5 Ra8 25. Qd2 Bf7 26. Nc3 Ne6 27. Ne2 Qa7 28. Ra1 Kg7 29. Rf1 Nc7 30. f4 Ne6 31. f5 Nf8 32. g4 g5 33. Ng3 Qa3 34. Nh5+ Bxh5 35. gxh5 h6 36. h4 Nh7 37. hxg5 Nxg5 38. Rfd1 Kf8 39. Qe3 Ke7 40. Re1 Rd7 41. Re2 Rb7 1-0

[Event "Manavgat Turkey Cup"]
[Site "Manavgat"]
[Date "2015.02.04"]
[Round "7"]
[White "Subasi, Cagrican"]
[Black "Daghan, Devran"]
[Result "0-1"]
[WhiteElo "1680"]
[BlackElo "1848"]
[PlyCount "74"]
[EventDate "2015.01.31"]
[EventType "swiss"]
[EventRounds "11"]
[EventCountry "TUR"]
[SourceTitle "CBM 164 Extra"]
[Source "ChessBase"]
[SourceDate "2015.03.02"]
[SourceVersion "1"]
[SourceVersionDate "2015.03.02"]
[SourceQuality "1"]

1. d4 d6 2. c4 g6 3. Nc3 Bg7 4. e4 Nf6 5. Nge2 0-0 6. Ng3 Nc6 7. Be2 e5 8. d5 Nd4 9. Be3 Re8 10. h4 c5 11. Qd2 Bd7 12. h5 a6 13. f3 Rb8 14. Nd1 b5 15. b3 bxc4 16. Bxc4 Qb6 17. Nb2 a5 18. hxg6 fxg6 19. Rb1 Re7 20. 0-0 Rbe8 21. Nd3 Bb5 22. Nb2 Ra8 23. Bxb5 Qxb5 24. Nc4 Qa6 25. Ne2 a4 26. Bxd4 exd4 27. Qd3 Bh6 28. Rfd1 axb3 29. axb3 Nd7 30. b4 Ne5 31. Nxe5 Be3+ 32. Kf1 Rxe5 33. Qxa6 Rxa6 34. g4 h5 35. bxc5 dxc5 36. Rb8+ Kg7 37. Rdb1 hxg4 0-1